000 00190nam a2200085 4500
001 1258564
005 20260312193955.0
245 _aBAŞARI OKULU
_cÖZGÜR GEZ
260 _bATLI KARINCA YAYINLARI
999 _c1258564
_d1258564